Un insediamento di età romana dimenticato nel tempo
محفوظ في:
المؤلف الرئيسي:
التنسيق: كتاب
اللغة: Undetermined
الوصول للمادة أونلاين: Login to view Source
الوسوم: إضافة وسم
لا توجد وسوم, كن أول من يضع وسما على هذه التسجيلة!
رقم الطلب:
| LEADER | 00451nmm a2200133Ia 4500 | ||
|---|---|---|---|
| 008 | 240716s9999||||xx |||||||||||||||||und|| | ||
| 020 | |a 9781803276601 | ||
| 020 | |a 9781803276618 | ||
| 100 | |a Paolo Visonà | ||
| 245 | 1 | 0 | |a Un insediamento di età romana dimenticato nel tempo |c Paolo Visonà |
| 264 | |b Archaeopress Archaeology |c 30-نوفمبر-23 | ||
| 856 | 4 | 0 | |u http://library.arce.org:8087/Archaeopress/Products/9781803276601 |
| 942 | |2 lcc |c EBOOK | ||
| 999 | |c 58985 |d 58985 | ||
